[Event "Yerevan op 2nd"]
[Site "Yerevan"]
[Date "2017.09.27"]
[Round "9"]
[White "Brutyan, Hamlet"]
[Black "Margaryan, Yuri"]
[Result "1-0"]
[WhiteElo "1704"]
[BlackElo "1501"]
[PlyCount "77"]
[EventDate "2017.09.19"]
[EventType "swiss"]
[EventRounds "9"]
[EventCountry "ARM"]
[SourceTitle "EXT 2018"]
[Source "ChessBase"]
[SourceDate "2017.10.13"]
[SourceVersion "1"]
[SourceVersionDate "2017.10.13"]
[SourceQuality "1"]

1. e4 e6 2. d4 d5 3. Nc3 Nf6 4. e5 Nfd7 5. Nf3 c5 6. Be3 Nc6 7. Bb5 a6 8. Bxc6 bxc6 9. dxc5 Bxc5 10. Bxc5 Nxc5 11. Qd4 Nd7 12. 0-0 c5 13. Qg4 0-0 14. Rfe1 h6 15. Rad1 Rb8 16. b3 a5 17. a3 Ba6 18. h3 Kh7 19. Ne2 Bxe2 20. Rxe2 g6 21. Rd3 a4 22. Qxa4 Ra8 23. Qc6 Rxa3 24. c4 d4 25. Nxd4 Nxe5 26. Rxe5 cxd4 27. Re1 Qf6 28. Qc5 Rfa8 29. Qxd4 Qxd4 30. Rxd4 Rxb3 31. Rd7 Kg7 32. Rxe6 Ra1+ 33. Kh2 Ra2 34. Re3 Rbb2 35. Rf3 h5 36. Rfxf7+ Kg8 37. Kg3 g5 38. Rg7+ Kf8 39. Rxg5 1-0